| 000 | 02138nam a2200349Ia 4500 | ||
|---|---|---|---|
| 999 |
_c55005 _d55005 |
||
| 001 | 22076 | ||
| 003 | GE_BSU | ||
| 005 | 20221018115952.0 | ||
| 008 | 181216s ||||ge |||||||||||||| ||geo|| | ||
| 020 | _a978-9941-13-026-7 | ||
| 040 | _cGE_BSU | ||
| 041 | _ageo | ||
| 080 | _a821.353.1.09-1 შ-24 | ||
| 100 |
_aშარაბიძე, თამარ _95772 |
||
| 245 |
_aქრისტიანული მოტივები XIX საუკუნის ქართველ კლასიკოსთა ლირიკაში : _bდამხმ. სახელმძღვ. ჰუმანიტ. ფაკ. სტუდ. / _cთამარ შარაბიძე ; სამეცნ. რედ. ჯ. ჭუმბურიძე. |
||
| 250 | _aივანე ჯავახიშვილის სახელობის თბილისის სახელმწიფო უნ-ტი | ||
| 264 |
_aთბილისი : _bთბილ. უნ-ტის გამ-ბა, _c2008. |
||
| 300 |
_a186 გვ. ; _c24 სმ. |
||
| 504 | _aბიბლიოგრაფია გვ. : 177-184 | ||
| 541 | _h11ლ.50თ. | ||
| 653 | _aალექსანდრე ჭავჭავაძე | ||
| 653 | _aგრიგოლ ორბელიანი | ||
| 653 | _a ნიკოლოზ ბარათაშვილი | ||
| 653 | _a ილია ჭავჭავაძე | ||
| 653 | _a აკაკი წერეთელი | ||
| 653 | _a ვაჟა-ფშაველა | ||
| 653 | _aქართული პოეზიის ისტორია და კრიტიკა | ||
| 653 | _aქრისტიანული მოტივები XIX საუკუნის ქართველ კლასიკოსთა ლირიკაში | ||
| 700 |
_aჭუმბურიძე, ჯ. _eრედაქტორი _96295 |
||
| 710 |
_aივანე ჯავახიშვილის სახელობის თბილისის სახელმწიფო უნივერსიტეტიტი _910231 |
||
| 942 |
_cBK _2udc |
||